000 00409nam a2200181Ia 4500
001 11098
005 20260306161921.0
008 260306t2014||||xx |||||||||||||| ||spa||
041 _aESP
082 _a985.008
_bR84 T. 1
100 _aRostworowski, MarĂ­a
_eAUT
245 0 _aPachacutec Inca Yupanqui
260 _c2014
300 _a
_c
650 _aGEN
654 _aCHU
942 _cLIB
_dJUS
_fJUS
_2ddc
_n
999 _c11098
_d11098